Història de l'art català : obra en vuit volums / sota la coordinació de Francesc Miralles ; fotografies de Francesc Català Roca obra en vuit volums / sota la coordinació de Francesc Miralles ; fotografies de Francesc Català Roca
Descripción Física:
8 v. : il. col. ; 32 cm
Materias:
Art català -- Història
MARC
| LEADER | 00000nam a2200000Ia 4500 | ||
|---|---|---|---|
| 001 | 2310, 2311, 2312, 2313, 2314, 2315, 2316, 2317 | ||
| 008 | 160829s1983 - 1986 xx 000 0 cat d | ||
| 080 | |a B-1-1, B-1-2, B-1-3, B-1-4, B-1-5, B-1-6, B-1-7, B-1-8 | ||
| 245 | |a Història de l'art català : |b obra en vuit volums / sota la coordinació de Francesc Miralles ; fotografies de Francesc Català Roca | ||
| 260 | |a Barcelona : |b Edicions 62, |c 1983 - 1986 | ||
| 300 | |a 8 v. : |b il. col. ; |c 32 cm | ||
| 590 | |a Conté: v. 1: Els inicis i l'art romànic : s. IX-XII / Núria de Dalmases i Antoni José i Pitarch; v. 2: L'època del Císter : s. XIII / Núria de Dalmases i Antoni José i Pitarch; v. 3: L'art gòtic : s. XIV-XV / Núria de Dalmases i Antoni José i Pitarch; v. 4: L'època del renaixement : s. XVI / Joaquim Garriga, amb la col·laboració de Marià Carbonell; v. 5: L'època del barroc : s. XVII-XVIII / Joan-Ramon Triadó; v. 6: Del neoclassicisme a la restauració : 1808-1888 / Francesc Fontbona; v. 7: Del modernisme al noucentisme : 1888-1917 / Francesc Fontbona i Francesc Miralles; v. 8: L'època de les avantguardes : 1917-1970 / Francesc Miralles | ||
| 650 | |a Art català |x Història |9 20033 | ||
| 700 | |a Miralles, Francesc, coord. |9 20034 |e coordinador | ||
| 700 | 1 | |a Català-Roca, Francesc, |d 1922-1998 |9 26722 |e fotografies | |
| 901 | |a Arxiu | ||
| 942 | |n 1 |2 udc | ||
| 952 | |0 0 |1 0 |4 0 |6 B11_B12_B13_B14_B15_B16_B17_B18 |7 1 |9 41412 |a Arxiu |b Arxiu |d 2016-12-01 |l 0 |o B-1-1, B-1-2, B-1-3, B-1-4, B-1-5, B-1-6, B-1-7, B-1-8 |p 2310, 2311, 2312, 23 |r 2016-12-01 00:00:00 |w 2016-12-01 |y ARXIU | ||
| 999 | |c 43219 |d 43219 | ||